000
00247nam a22001097a 4500
008
170117b xxu||||| |||| 00| 0 eng d
020
_a
9780399529573
041
_a
eng
080
_a
618.2
245
_a
WHAT NURSES KNOW
_c
CARROLL, P
942
_2
udc
_c
BK
999
_c
3007
_d
3007